| 000 | 00313 a2200121 4500 | ||
|---|---|---|---|
| 001 | 63584 | ||
| 082 | _a378.155016 TEX | ||
| 090 |
_c37578 _d37578 |
||
| 100 | _aTexas A & M University | ||
| 245 | _aTexas A & M University Graduate Catalog | ||
| 260 |
_aTexas _bTexas A & M University _c1991 |
||
| 300 | _a371p | ||
| 942 |
_aNUST-CAE _k378.155016 TEX |
||
| 999 |
_c298657 _d298657 |
||